000 00481nam a2200181Ia 4500
005 20250508151031.0
008 008 250505s9999 xx 000 0 eng d
037 _aTextual
040 _aFEDL
_beng
_cFEDL
041 _aeng
_2eng
084 _a337.954, IND
_qFEDL
245 0 _aReport of the fiscal commission 1940-50
245 0 _cIndia, Government...
300 _a483p
650 _aEconomics
942 _cTEXL
_h337.954, IND
999 _c1327185
_d1327185